| 000 | 00739nam a2200205 a 4500 | ||
|---|---|---|---|
| 005 | 20210223124232.0 | ||
| 008 | 010705m19902000mx r 000 0 spa d | ||
| 020 | _a9684225636 | ||
| 035 | _aUPN01000109287 | ||
| 049 | _aCG | ||
| 050 | 4 |
_aHF5695 _bB8.58 1990 |
|
| 100 | 1 | _aBudnick, Frank S. | |
| 245 | 1 | 0 |
_aMatemáticas aplicadas para administración, economía y ciencias sociales / _cFrank S. Budnick ; tr. Efrén Alatorre Miguel. |
| 250 | _a2a ed. | ||
| 260 |
_aMéxico : _bMcGraw-Hill Interamericana, _cc1990 (2000 impr.). |
||
| 300 | _a1 v. (en varias paginaciones) | ||
| 534 |
_pTraducción de: _tApplied mathematics for business, economics and the social sciences |
||
| 650 | 4 |
_aMATEMATICAS COMERCIALES _925657 |
|
| 905 | _aLibro | ||
| 999 |
_c83198 _d83198 |
||